Statistics for Biggest Cities in the Great Basin on a Map

Click here to take the quiz!

General Stats

  • This quiz has been taken 293 times
  • The average score is 4 of 10

Answers on the Map

Answers color-coded by a green-red scale on the quiz's map according to % correct below.
 

Answer Stats

PopulationCity% Correct
200,567Salt Lake City
96%
255,601Reno
90%
116,618Provo
61%
757,200Mexicali
57%
135,248West Valley City
31%
105,006Sparks
30%
116,480West Jordan
30%
157,601Lancaster
19%
155,079Palmdale
18%
122,385Victorville
15%

Score Distribution

Percentile by Number Answered

Percent of People with Each Score

Your Score History

You have not taken this quiz